Statistics for Geography key terms 1

Click here to take the quiz!

General Stats

  • This quiz has been taken 9 times
  • The average score is 2 of 9

Answer Stats

Key termDefinition% Correct
a tax imposed on importstariff
89%
a limit on the quantity of goods allowed into a countryquota
33%
financial assistance to a business by a governmentsubsidy
22%
transferring ownership of a company from the public sector to the private sectorprivatisation
11%
a policy to protect businesses by restricting imports into the countryprotectionism
11%
when a TNC takes over another company in a foreign countryforeign acquisitions
0%
trade where governments don't apply tariffs or quotasfree trade
0%
the philosophy of free trade, free markets and private companies with no government interferenceneoliberalism
0%
same as outsourcingoffshoring
0%

Score Distribution

Percentile by Number Answered

Percent of People with Each Score

Your Score History

You have not taken this quiz